00486nam a22001697a 450000500170000001000150001702000260003203500140005803700090007208200110008110000190009224500910011125000060020226000350020827000520024330000210029520241206163229.0 aENG-142869 c140.00a9789392080654 aEN-126401 bDBAD a321.07 aKaur, Harpreet aMusingsm on Self 'N' Society:cby Harpreet Kaur [and] Ishleen Kaur LambabA Long Poem/ a1 aAllahabad bKitab Mahal c2023 a22-A, Sarojini Naidu Marg, bAllahabad e211001 a128p.c21cm(pb)